000 00510nam a2200169Ia 4500
003 GCL
008 140319s9999 xx 000 0 eng d
040 _aGCL /
_cGCL
082 0 4 _a515.352
_bG R
100 1 _aGOODWIN, MICHAED J
245 1 0 _aROTORDYNAMICS : PROCEESINGS OF THE INTER NATIONAL CONFERENCE ON ROTATING MACHINE OYNAMICE /
_cGOODWIN, MICHAED J
260 _a[S.N] :
_bSPRINGER - VERLAG ،
_c1992
300 _a421 P
650 0 4 _aMOTOR DYNAMICS
650 0 4 _aMACHINE - TOOLS
942 _2ddc
_cBK
999 _c15172
_d15172